000 00533nam a2200217Ia 4500
008 210210b1992 xxu||||| |||| 00| 0 eng d
020 _a0 07 112583 3
082 _a332.64 DUBO
100 _aDUBOFSKY (David A).
245 _aOptions and financial futures: valuation and uses
260 _aND
_bMcGraw Hill
_c1992
300 _axx,699
650 _avaluation
650 _auses
650 _aOptions
650 _afutures:
650 _afinancial
650 _aand
690 _aInvestment Management
906 _a052688
999 _c101113
_d101113